Statistics for U.K. Geography General Knowledge

Click here to take the quiz!

General Stats

  • This quiz has been taken 258 times
  • The average score is 8 of 15

Answer Stats

HintAnswer% Correct
The city where the Beatles grew up.Liverpool
95%
Chalk cliffs, visible from France, are named after this nearby town.Dover
91%
What is the name of London's second busiest airport?Gatwick
88%
The highest point in the U.K.Ben Nevis
86%
Heathrow airport has this many passenger terminals.5
82%
This city was the birthplace of the RMS Titanic.Belfast
79%
Name of the train service from London to Paris.Eurostar
68%
The London train station that supposedly is the departure point for Hogwarts.King's Cross
67%
Currently the home of Formula 1 racing in Britain.Silverstone
62%
The Southernmost settled isles of the U.K.Scilly
34%
Home of the annual Henry Wood Promenade Concerts.Royal Albert Hall
22%
What canal goes from Inverness to Fort William in Scotland?Caledonian
21%
The world's only rotating boatlift is located close to this Scottish town.Falkirk
20%
This valley, containing more than half the distilleries in Scotland, is named after this river.Spey
15%
What natural harbor in Southwest Wales is a port for oil tankers?Milford Haven
12%

Score Distribution

Percentile by Number Answered

Percent of People with Each Score

Your Score History

You have not taken this quiz